000 00469nam a2200181Ia 4500
008 220531s9999 xx 000 0 und d
041 _aeng
082 _bWAK / KAP
100 _aWakale,l. P. / Kapadnis, B. V.
_950273
245 _aIncome Tax : Practice And Procedure 2011-2012
250 _a4th
260 _bGayatri
_c2004
300 _a218
542 _d16-12-2005
650 _aTaxation
_950274
906 _d2005-2006
_d2015-2016
999 _c29328
_d29328